Punisher-Album (Phoebe Bridgers) - Statistics

General Stats
  • This quiz has been taken 18 times
  • The average score is 10 of 11
Answer Stats
# Title % Correct
2. Garden Song
100%
3. Kyoto
100%
7. Moon Song
100%
4. Punisher
100%
11. I Know The End
92%
1. DVD Menu
83%
10. Graceland Too
83%
9. ICU
83%
6. Chinese Satelite
75%
5. Halloween
75%
8. Savior Complex
67%
No matching quizzes found
Score Distribution
Percent of People with Each Score
Percentile by Number Answered
Your Score History
You have not taken this quiz